01463 a2200169 45000010006000000050017000060080041000230030015000640400040000790800031001192450025001502640038001753000023002135051023002360410008012591000026012675434120260407155815.0260407a1968 arg spa dAR-UNSa-BCEJYS aAR-UNSa-BCEJYSbspacAR-UNSa-BCEJYS a330xEconomía en general10aThe economic problem 1aNew Jersey :bPrentice-Hallc1968 axx, 652 p.c23 cm. a1. The economic problem - 2. The pre-market economy - 3. The emergence of the market sociesty - 4. The industrial revolution - 5. The impact og industrial technology - 6. The change in market structure - 7. The Great Depression - 8. The evolution of guided capitalism - 9. Wealth and output - 10. Output and income - 11. Saving and investment - 12. The consumption sector - 13. The investment sector - 14. Investment and equilibrium - 15. The government sector - 16. Money - 17. Money and the macro system - 18. Employment and output - 19. The problem of growth - 20. Introduction to the microeconomy - 21. The market for goods - 22. The market in movement - 23. The market for factors - 24. The firm in the factor market - 25. The equilibrium of the firm - 26. Competition in the real world - 27. The market system in review - 28. The gains from trade - 29. The problem of international transactions - 30. The drift of European economic history - 31. The underdeveloped world - 32. The trajectory of economic society aspa1 aHeilbroner, Robert L.